Adjudicator's jurisdiction: a case of no contract, no dispute (Record no. 72145)

MARC details
000 -LEADER
fixed length control field 01910cam a2200301 4500
001 - CONTROL NUMBER
control field ABS66424
008 - FIXED-LENGTH DATA ELEMENTS--GENERAL INFORMATION
fixed length control field 030224n2003 000 0 eng u
035 ## - SYSTEM CONTROL NUMBER
System control number (Sirsi) u121414
100 ## - MAIN ENTRY--PERSONAL NAME
Personal name Franklin, K.
245 ## - TITLE STATEMENT
Title Adjudicator's jurisdiction: a case of no contract, no dispute
260 ## - PUBLICATION, DISTRIBUTION, ETC.
Date of publication, distribution, etc. 2003
490 ## - SERIES STATEMENT
Series statement Architects' Journal
Volume/sequential designation 217(6) 13 February 2003, 40(1)
520 ## - SUMMARY, ETC.
Summary, etc. Considers "Carillion Construction v Devonport Royal Dockyard" (2002). Carillion (C) relied upon an oral agreement varying the terms of the written contract but, following the CA ruling that all the terms and not just the existence of a contract should be evident in writing in "RJT Consulting Engineering Ltd v DM Engineering (NI) Ltd" (CA X118297) (see also Abs66002, Abs65216, Abs65501and Abs64362), it was held that this did not form a contract in writing under Housing Grants, Construction and Regeneration Act 1996 s107. It was also ruled that there was no dispute to refer to adjudication as C failed to provide the clarification of its claim requested by the defendant's management company.
590 ## - LOCAL NOTE (RLIN)
Local note ABS
650 ## - SUBJECT ADDED ENTRY--TOPICAL TERM
Topical term or geographic name entry element -DISPUTE AVOIDANCE, MANAGEMENT AND RESOLUTION-DISPUTE MANAGEMENT AND RESOLUTION-ALTERNATIVE DISPUTE RESOLUTION-ADJUDICATION-ADJUDICATORS-ADJUDICATORS' JURISDICTION
650 ## - SUBJECT ADDED ENTRY--TOPICAL TERM
Topical term or geographic name entry element CARILLION CONSTRUCTION LTD V DEVONPORT ROYAL DOCKYARD LTD
650 ## - SUBJECT ADDED ENTRY--TOPICAL TERM
Topical term or geographic name entry element CONSTRUCTION DISPUTES
650 ## - SUBJECT ADDED ENTRY--TOPICAL TERM
Topical term or geographic name entry element CONTRACTS IN WRITING
650 ## - SUBJECT ADDED ENTRY--TOPICAL TERM
Topical term or geographic name entry element ELLERINE V KLINGER
650 ## - SUBJECT ADDED ENTRY--TOPICAL TERM
Topical term or geographic name entry element R J T CONSULTING ENGINEERS LTD V D M ENGINEERING (NI) LTD
650 ## - SUBJECT ADDED ENTRY--TOPICAL TERM
Topical term or geographic name entry element GROVEDECK LTD V CAPITAL DEMOLITION LTD
650 ## - SUBJECT ADDED ENTRY--TOPICAL TERM
Topical term or geographic name entry element HOUSING GRANTS, CONSTRUCTION AND REGENERATION ACT 1996 S107
650 ## - SUBJECT ADDED ENTRY--TOPICAL TERM
Topical term or geographic name entry element NO CONTRACTS IN WRITING
650 ## - SUBJECT ADDED ENTRY--TOPICAL TERM
Topical term or geographic name entry element ORAL CONTRACTS
650 ## - SUBJECT ADDED ENTRY--TOPICAL TERM
Topical term or geographic name entry element TRADAX INTERNATIONAL V CERRAHOQULLARI
690 ## - LOCAL SUBJECT ADDED ENTRY--TOPICAL TERM (OCLC, RLIN)
Topical term or geographic name as entry element MANGEMENT-DISPUTE AVOIDANCE, MANAGEMENT AND RESOLUTION-DISPUTE MANAGEMENT AND RESOLUTION
942 ## - ADDED ENTRY ELEMENTS (KOHA)
Suppress in OPAC 0
Holdings
Withdrawn status Lost status Source of classification or shelving scheme Damaged status Not for loan Home library Current library Shelving location Date acquired Total Checkouts Full call number Barcode Date last seen Copy number Price effective from Koha item type
    Dewey Decimal Classification     London London Journal article 24/02/2003   ABS66424 121414-1001 06/08/2019 1 06/08/2019 Journal article